| 000 | 00655nam a2200229Ia 4500 | ||
|---|---|---|---|
| 005 | 20250508165340.0 | ||
| 008 | 008 250505s9999 xx 000 0 eng d | ||
| 020 | _a978-93-80607-55-9 | ||
| 037 | _aReference | ||
| 040 |
_aFEDL _beng _cFEDL |
||
| 041 |
_aeng _2eng |
||
| 084 |
_a330.954, SAT/RR _qFEDL |
||
| 100 | _aSatish Chandra Ed. | ||
| 245 | 0 | _aEssays in medieval Indian economic history | |
| 250 | _a2 | ||
| 260 |
_aDelhi, India _bPrimus Books _c2014 |
||
| 300 | _axix, 302p. | ||
| 365 |
_aINR _b1295 |
||
| 490 | _aIndian History Congress Monograph Series | ||
| 942 |
_cREF _h330.954, SAT/RR |
||
| 999 |
_c1394610 _d1394610 |
||